Pays avec la même Première et Dernière Lettre - Statistiques

Statistiques générales
  • Ce quiz a été pris 111 fois
  • Le résultat moyen est 6 sur 10
Statistiques - réponses
Continent Pays % Correct
Europe Estonie
80%
Europe Espagne
74%
Afrique Érythrée
73%
Afrique Angola
67%
Afrique Égypte
63%
Afrique Éthiopie
59%
Amérique Antigua-et-Barbuda
50%
Amérique Saint-Christophe-et-Niévès
40%
Amérique Saint-Vincent-et-les Grenadines
40%
Afrique Seychelles
30%
Aucun quiz correspondant
Distribution des résultats
% des personnes avec chaque résultat
Percentile par nombre de réponses
Votre historique - résultats
Vous n’avez pas pris ce quiz